Emociones políticas : (Registro nro. 58909)

Detalles MARC
000 -CABECERA
Longitud fija campo de control 01156nam a2200337 c 4500
003 - • IDENTIFICADOR DELl NÚMERO DE CONTROL
Identificador del número de control CO-BoRNBP
005 - • FECHA Y HORA DE LA ÚLTIMA TRANSACCIÓN
Fecha y hora de la última transacción 20250829163947.0
007 - • CAMPO FIJO DE DESCRIPCIÓN FÍSICA
Campo fijo de descripción física ta
008 - • CÓDIGOS DE INFORMACIÓN DE LONGITUD FIJA
Códigos de información de longitud fija 180109s20172019ck g 000 0 spa d
020 ## - • NÚMERO INTERNACIONAL NORMALIZADO PARA LIBROS
Número Internacional Normalizado para Libros (ISBN) 9584242873
020 ## - • NÚMERO INTERNACIONAL NORMALIZADO PARA LIBROS
Número Internacional Normalizado para Libros (ISBN) 9789584242877
040 ## - FUENTE DE LA CATALOGACIÓN
Centro catalogador de origen CO-BoRNBP
Lengua de catalogación spa
Normas de descripción rda
Centro transcriptor CO-BoRNBP
041 ## - • CÓDIGO DE LENGUA
Código de lengua del texto/banda sonora o título independiente spa
082 04 - • NÚMERO DE LA CLASIFICACIÓN DECIMAL DEWEY
Número de clasificación (R) 320.019
Número del ítem N87e
Número de edición 22
100 ## - • PUNTO DE ACCESO PRINCIPAL-NOMBRE DE PERSONA
Nombre de persona Nussbaum, Martha Craven,
Fechas asociadas al nombre 1947-
Término indicativo de función aut
245 10 - • TITULO PROPIAMENTE DICHO
Título Emociones políticas :
Resto del título ¿Por qué el amor es importante para la justicia? /
Mención de responsabilidad, etc. Martha C. Nussbaum ; traducción de Albino Santos Mosquera.
250 ## - • MENCIÓN DE EDICIÓN
Mención de edición Cuarta edición
Resto de la mención de edición Quinta edicion
264 #1 - PRODUCCIÓN, PUBLICACIÓN , DISTRIBUCIÓN, FABRICACIÓN Y COPYRIGHT
Lugar de producción, publicación, distribución, fabricación Bogotá, Colombia :
Nombre del productor, editor, distribuidor, fabricante Paidós,
Fecha de de producción, publicación, distribución, fabricación o copyright 2019
300 ## - • DESCRIPCIÓN FÍSICA
Extensión 555 páginas
336 ## - TIPO DE CONTENIDO
Término de tipo de contenido texto
Código de tipo de contenido txt
Fuente rdacontent
337 ## - TIPO DE MEDIO
Nombre del tipo de medio sin mediación
Código del tipo de medio n
Fuente rdamedia
338 ## - TIPO DE SOPORTE
Nombre del tipo de soporte volumen
Código del tipo de soporte nc
Fuente rdacarrier
490 0# - • MENCIÓN DE SERIE
Mención de serie Estado y sociedad
500 ## - • NOTA GENERAL
Nota general Incluye índice analítico y de nombres
650 07 - • PUNTO DE ACCESO ADICIONAL DE MATERIA - TÉRMINO DE MATERIA
Término de materia o nombre geográfico como elemento inicial Conducta (ética)
Subdivisión de materia general Psicología
Fuente del encabezamiento o término LEMB
650 07 - • PUNTO DE ACCESO ADICIONAL DE MATERIA - TÉRMINO DE MATERIA
Término de materia o nombre geográfico como elemento inicial Inteligencia emocional
Fuente del encabezamiento o término lemb
650 07 - • PUNTO DE ACCESO ADICIONAL DE MATERIA - TÉRMINO DE MATERIA
Término de materia o nombre geográfico como elemento inicial Política
Subdivisión de materia general Aspectos fisiológicos
Fuente del encabezamiento o término lemb
700 ## - • PUNTO DE ACCESO ADICIONAL - NOMBRE DE PERSONA
Nombre de persona Santos Mosquera, Albino
Término indicativo de función trl
942 ## - ENTRADA DE ELEMENTOS AGREGADOS (KOHA)
Fuente de clasificaión o esquema Dewey Decimal Classification
Koha [por defecto] tipo de item LIbro
Existencias
Perdido Fuente de clasificación o esquema Estado Físico No para préstamo Forma de adquisición Localización permanente Localización actual Localización en estanterías Fecha adquisición Préstamos totales Signatura completa Código de barras Fecha última consulta Número de copia Fecha del precio de reemplazo Tipo de item de Koha
  Dewey Decimal Classification     Colección General Biblioteca Pública Mapiripan - Jorge Eliecer Gaitán Biblioteca Pública Mapiripan - Jorge Eliecer Gaitán General 08/29/2025   320.019 N87e MPJG00660 08/29/2025 Ej.1 08/29/2025 LIbro









Instituto Departamental de Cultura del Meta - Red Departamental de Bibliotecas Públicas del Meta.